| 000 | 00718nam a22001457a 4500 | ||
|---|---|---|---|
| 999 |
_c4585 _d235089 |
||
| 020 | _a9789502325286 | ||
| 080 | _a341.231 K 825 | ||
| 245 |
_aLas Malvinas entre el Derecho y la Historia _brefutación del folleto británico "Mas allá de la historia oficial. la verdadera historia de las Falklands/ Malvinas" |
||
| 260 |
_aCiudad Autónoma de Buenos Aires _bEudeba _c2015 |
||
| 300 |
_a302 P: _c23 X 16 Cm. |
||
| 650 |
_xderecho internacional publico _xislas Malvinas _xtratado de Tordesillas _xbulas papales _xtratado de Madrid de 1673 _xtatado de Madrid de 1713 _xtatado de Utrecht de 1713 _xderecho a la libre determinacion |
||
| 700 |
_aKohen, Marcelo G. _eRodriguez, Facundo D. |
||
| 942 | _6_ | ||
| 945 |
_acd _d2017-08-22 |
||